Isalāmera aitihāsika abadāna. (Record no. 56265)

MARC details
000 -LEADER
fixed length control field 00650cam a22002411 4500
001 - CONTROL NUMBER
control field sa 64000495
003 - CONTROL NUMBER IDENTIFIER
control field DLC
005 - DATE AND TIME OF LATEST TRANSACTION
control field 20260227111956.0
008 - FIXED-LENGTH DATA ELEMENTS--GENERAL INFORMATION
fixed length control field 940602s1957 ii b 000 0 beno
010 ## - LIBRARY OF CONGRESS CONTROL NUMBER
LC control number sa 64000495
025 ## - OVERSEAS ACQUISITION NUMBER
Overseas acquisition number PL480:EP-B-77
035 ## - SYSTEM CONTROL NUMBER
System control number (OCoLC)30538482
040 ## - CATALOGING SOURCE
Original cataloging agency DLC
Transcribing agency CU
Modifying agency CU
-- DLC
042 ## - AUTHENTICATION CODE
Authentication code premarc
050 00 - LIBRARY OF CONGRESS CALL NUMBER
Classification number BP52
Item number .R612
100 1# - MAIN ENTRY--PERSONAL NAME
Personal name Roy, M. N.
Fuller form of name (Manabendra Nath),
Dates associated with a name 1887-1954.
245 10 - TITLE STATEMENT
Title Isalāmera aitihāsika abadāna.
Remainder of title The historical role of Islam.
260 ## - PUBLICATION, DISTRIBUTION, ETC.
Date of publication, distribution, etc. [1957]
300 ## - PHYSICAL DESCRIPTION
Extent 125 p.
Dimensions 19 cm.
500 ## - GENERAL NOTE
General note In Bengali.
504 ## - BIBLIOGRAPHY, ETC. NOTE
Bibliography, etc. note Bibliographical footnotes.
650 #0 - SUBJECT ADDED ENTRY--TOPICAL TERM
Topical term or geographic name entry element Islam
General subdivision History.

No items available.

Powered by Koha